Datum a čas kvízu
36
Celkem bodů
Celkový počet nahraných bodů na tomto kvízu bez doplňovacích otázek.
4.
Pořadí na kvízu
Konečné umístění týmu na tomto kvízu.
Zaznamenané odpovědi
| # | Otázka | Odpověď | Body | Výsledky |
|---|---|---|---|---|
| 1. | Pro záslužný čin se rozhodlo v... | z Běloruska | 1 | |
| 2. | Sestry boromejky v polské Vrat... | opilý muž | 1 | |
| 3. | Populární anglický zpěvák minu... | Ed Sheeran | 1 | |
| 4. | Současný trhák streamovací tel... | Squid | 1 | |
| 5. | Unie českých fotbalových trené... | Pavel Vrba | 1 | |
| 6. | Pojďme se společně chvíli troc... | Vilém | 1 | |
| 7. | I v nevinně vypadajících hračk... | Annabelle | 1 | |
| 8. | Máloco člověku způsobilo takov... | A) Overlook | 0 | |
| 9. | Dokážete správně přiřadit tyto... | 1D 2B 3C 4A | 1 | |
| 10. | Bílá paní je nejen nadpřirozen... | gin | 0 |